Alle Parteien der Schweiz - Statistiken

Allgemein
  • Dieses Quiz wurde 21 mal gespielt
  • Das Durchschnittsergebnis liegt bei 7 aus 10
Antwortstatistiken
Partei % Korrekt
GRÜNE Schweiz
100%
Schweizerische Volkspartei
100%
Sozialdemokratische Partei der Schweiz
100%
Die Mitte
94%
FDP.Die Liberalen
89%
Grünliberale Partei
83%
Evangelische Volkspartei
72%
Eidgenössisch-Demokratische Union
44%
Lega dei Ticinesi
22%
Mouvement citoyens genevois
22%
Keine übereinstimmenden Quizze gefunden
Verteilung der Resultate
Anzahl Personen mit jedem Resultat
Perzentil nach korrekt beantworteten Fragen
Ihre Resultats-Entwicklung
Sie haben dieses Quiz noch nicht gespielt